000 00556njm a2200181 i 4500
001 C2-0217790
003 PPAK
005 20180729152041.0
008 990708s1985 my |||| ||||| | may d
040 _aPPAK
_beng
_cPPAK
_erda
245 0 0 _aMalayan Union
264 1 _aAlor Setar, Kedah :
_bPerbadanan Perpustakaan Awam Kedah ,
_c1985
336 _2rdacontent
_atext
337 _2rdamedia
_aunmediated
338 _2rdacarrier
_avolume
500 _aDirakam pada 2/2/85 ; Temubual dengan Tuan Hj. Ali b. Hj. Salleh ; Tiada transkripsi
942 _ddc
_cB
999 _c163072
_d163072